1145 1753 1811 1993 1034 1668 1580 1318 1258 1432 1803 1036 1814 1009 1626 1255 1240 1209 1181 1408 1664 1735 1429 1659 1900 1998 1738 1282 1085 1430 1425 1483 1692 1716 1893 1089 1200 1801 1878 1316 1551 1479 1347 1839 1053 1144 1955 1143 1319 1520 1984 1769 1435 1813 1029 1088 1442 1868 1329 1221 1977 1861 1993 1578 1863 1523 1709 1029 1861 1455 1971 1469 1111 1201 1044 1823 1788 1952 1687 1091 1628 1395 1905 1479 1266 1655 1478 1649 1462 1029 1272 1527 1535 1841 1009 1771 1545 1974 1591 BCNSPRNW ULIB Ver.6.0+V

เปลี่ยนเป็นภาษาไทย

Change to English
 แสดงรายละเอียดบรรณานุกรม
  กลับหน้าหลัก

Brief Record : Get Marc (ISO 2709) : E-mail record : QR code < ปิดหน้าต่าง
LEADER : 00000nam 2200000uu 4500
001    13399126151
003     ULIB
008    180613s2559||||th 000 0 tha d
020    ^a9786165470803
040    ^absc
050  4 ^aPE1128^bส779c
100 0  ^aสุทิน พูลสวัสดิ์
245 10 ^aCU-TEP listening :^bภาษาอังกฤษเข้าจุฬาลงกรณ์มหาวิทยาลัย /^cSutinPoolsawad
246 30 ^aภาษาอังกฤษเข้าจุฬาลงกรณ์มหาวิทยาลัย
250    ^aพิมพ์ครั้งที่ 4
260    ^aกรุงเทพฯ :^bศูนย์หนังสือ ที.จี.อาร์.อี,^c2559
300    ^a246 หน้า ;^c26 ซม. +^eซีดี-รอม 1 แผ่น
610 24 ^aจุฬาลงกรณ์มหาวิทยาลัย^xการสอบคัดเลือก^xข้อสอบและเฉลย
650  0 ^aEnglish language^xUsage
650  0 ^aEnglish language^xExaminations
650  0 ^aEnglish language^vTextbooks for foreign speakers
650  4 ^aภาษาอังกฤษ^xการใช้ภาษา
650  4 ^aภาษาอังกฤษ^xการสอบ
650  4 ^aภาษาอังกฤษ^vตำราสำหรับชนต่างชาติ
700 0  ^aSutin Poolsawad
910    ^aSend to UC
945    ^p415^l0^i004794
945    ^p415^l0^i004245
999    ^aประนอม เกษจรัล
รายการนี้ยังไม่มีแท็ก
คุณยังไม่ได้ล็อกอิน คุณสามารถมีกิจกรรมร่วมกับเว็บไซต์ได้ แต่ต้องล็อกอินก่อน ::
  ล็อกอิน

รายการสื่อสารสนเทศ

ลำดับที่ ประเภท เลขเรียก/บาร์โค้ด สถานที่ สถานะ
1. วิทยาศาสตร์การแพทย์ และสุขภาพ
หนังสือสำรอง
สถานะ=หนังสือสำรอง
PE1128 ส779c ฉ.1 
  Barcode: 004245
ห้องสมุดวิทยาเขตนครสวรรค์
►นวนิยาย:l:Fiction
บนชั้น
2. การศึกษาทั่วไป
การศึกษาทั่วไป
PE1128 ส779c ฉ.2 
  Barcode: 004794
ห้องสมุดวิทยาเขตสวรรค์ประชารักษ์
►หนังสือทั่วไป
บนชั้น

รายการใกล้เคียง
    ผู้แต่ง [สุทิน พูลสวัสดิ์]

    หัวเรื่อง [ภาษาอังกฤษ การใช้ภาษา]

BibComment


ยังไม่เคยถูกคอมเมนท์

คอมเมนท์ทรัพยากรรายการนี้
  คอมเมนท์: CUTEP listening ..


 Copyright 2026. Bcnsprnw @Library